| 000 | 00528nam a2200169 4500 | ||
|---|---|---|---|
| 001 | 108232 | ||
| 003 | ES-MaACL | ||
| 005 | 20230906184615.0 | ||
| 007 | t| | ||
| 008 | 061121q19001940fr r ||||1| spa d | ||
| 100 | 1 |
_aMontégut, Maurice. _982429 |
|
| 245 | 1 | 4 |
_aLas tentaciones de Próspero _b: papeles malditos / _cMaurice Montégut. Versión española de Ramiro Blanco. |
| 260 |
_aParís : _b[s.n., _c19--?] ( _fPh. Renouard) |
||
| 300 |
_a319 p. ; _c20 cm. |
||
| 700 | 1 |
_aBlanco, Ramiro. _929202 |
|
| 852 |
_aES-MaACL _jD-790 |
||
| 999 |
_c108232 _d108232 |
||